Online
Catalog

Tú eres la estrella : (Record no. 29760)

MARC details
000 -CABECERA
campo de control de longitud fija 00780nam a2200229 a 4500
001 - NÚMERO DE CONTROL
campo de control 000030268
005 - FECHA Y HORA DE LA ÚLTIMA TRANSACCIÓN
campo de control 20260202091015.0
008 - DATOS DE LONGITUD FIJA--INFORMACIÓN GENERAL
campo de control de longitud fija 110505s2011 dr 001 0 spa d
020 ## - NÚMERO INTERNACIONAL ESTÁNDAR DEL LIBRO
ISBN cancelado o inválido 9789945194268
040 ## - FUENTE DE LA CATALOGACIÓN
Centro catalogador/agencia de origen DO-SdBNP
Lengua de catalogación spa
Centro/agencia transcriptor BNPHU
082 ## - NÚMERO DE LA CLASIFICACIÓN DECIMAL DEWEY
Número de clasificación 158.1
Número de documento/Ítem S715t
100 1# - ENTRADA PRINCIPAL--NOMBRE DE PERSONA
Nombre de persona Sosa Sosa, Diego A.,
Fechas asociadas al nombre 1966-
9 (RLIN) 3236
245 10 - MENCIÓN DE TÍTULO
Título Tú eres la estrella :
Resto del título fortalece tus 5 puntos /
Mención de responsabilidad, etc. Diego A. Sosa Sosa.
260 ## - PUBLICACIÓN, DISTRIBUCIÓN, ETC.
Lugar de publicación, distribución, etc. Santo Domingo :
Nombre del editor, distribuidor, etc. Búho,
Fecha de publicación, distribución, etc. 2011.
300 ## - DESCRIPCIÓN FÍSICA
Extensión 248 p. ;
Dimensiones 23 cm.
500 ## - NOTA GENERAL
Nota general Incluye datos biográficos del autor en la solapa de la cubierta
590 ## - NOTA LOCAL (RLIN)
Nota local Inventariado, 2018/MFF
650 #0 - PUNTO DE ACCESO ADICIONAL DE MATERIA--TÉRMINO DE MATERIA
Término de materia o nombre geográfico como elemento de entrada Autorrealización (Psicología)
9 (RLIN) 211
650 #0 - PUNTO DE ACCESO ADICIONAL DE MATERIA--TÉRMINO DE MATERIA
Término de materia o nombre geográfico como elemento de entrada Relaciones humanas
9 (RLIN) 606
650 #0 - PUNTO DE ACCESO ADICIONAL DE MATERIA--TÉRMINO DE MATERIA
Término de materia o nombre geográfico como elemento de entrada Psicología aplicada
9 (RLIN) 1579
910 ## - DATOS DE OPCIÓN DEL USUARIO (OCLC)
Datos de opción del usuario Validado. Control de la calidad EMS
Holdings
Estado de retiro Estado de pérdida No para préstamo Código de colección Localización permanente Ubicación/localización actual Ubicación en estantería Fecha de adquisición Número de inventario Total de préstamos Signatura topográfica completa Código de barras Fecha visto por última vez Precio válido a partir de Tipo de ítem Koha Restricciones de uso Número de copia
  Extraviado Excluido de préstamo Patrimonio Dominicano General General Extraviado 24.02.2014 LF1   158.1 S715t 30268-40 25.06.2020 25.06.2020 Libro y Folleto Colección Patrimonio Dominicano    
      Dominicana de Servicio General General Depósito 01.10.2012 LF1   158.1 S715t 30268-30 25.06.2020 25.06.2020 Libro y Folleto Colección Dominicana de Servicio   e. 3
    Excluido de préstamo Patrimonio Dominicano Patrimonio Dominicano Patrimonio Dominicano Depósito 05.05.2011 LF1   158.1 S715t 30268-10 25.06.2020 25.06.2020 Libro y Folleto Colección Patrimonio Dominicano    
    Excluido de préstamo Patrimonio Dominicano Patrimonio Dominicano Patrimonio Dominicano Depósito 01.10.2012 LF1   158.1 S715t 30268-20 25.06.2020 25.06.2020 Libro y Folleto Colección Patrimonio Dominicano   e. 2

Powered by Koha